Comédias para se ler na escola (Record no. 72874)

MARC details
000 -LÍDER
campo de controle de tamanho fixo 00387 a2200157 4500
001 - NÚMERO DE CONTROLE
campo de controle 72874
020 ## - ISBN - INTERNATIONAL STANDARD BOOK NUMBER
ISBN - International Standard Book Number 8573023511
040 ## - FONTE DA CATALOGAÇÃO
Instituição que transcreveu o registro Anchieta - Colégio São Paulo
100 ## - ENTRADA PRINCIPAL--NOME PESSOAL
Nome pessoal Verissimo, Luis Fernando
240 10 - TÍTULO UNIFORME
Título uniforme Comédias para se ler na escola
Idioma da obra por
245 10 - TÍTULO
Título Comédias para se ler na escola
300 ## - DESCRIÇÃO FÍSICA
Extensão 145
362 0# - DATAS DE PUBLICAÇÃO E/OU DESIGNAÇÃO SEQUENCIAL
Datas de publicação e/ou designação sequencial 2001
650 #4 - ASSUNTO--TERMO TÓPICO
Cabeçalho tópico ou nome geográfico Crônicas brasileiras
942 ## - ELEMENTOS DE ENTRADA ADICIONADOS (KOHA)
Tipo de material Koha Livros
Holdings
Situação do descarte Situação das perdas Situação física Não pode ser emprestado Biblioteca de origem Biblioteca atual Data de aquisição Total de empréstimos Número de chamada completo Código de barras Data de último acesso Data do preço efetivo Tipo de material Koha
        Colégio São Paulo Colégio São Paulo 22/11/2023   869.98 V517c 2697/CSP 22/11/2023 22/11/2023 Livros
        Colégio São Paulo Colégio São Paulo 22/11/2023   869.98 V517c 2698/CSP 22/11/2023 22/11/2023 Livros
        Colégio São Paulo Colégio São Paulo 22/11/2023   869.98 V517c 2699/CSP 22/11/2023 22/11/2023 Livros
        Colégio São Paulo Colégio São Paulo 22/11/2023   869.98 V517c 2700/CSP 22/11/2023 22/11/2023 Livros
        Colégio São Paulo Colégio São Paulo 22/11/2023   869.98 V517c 2701/CSP 22/11/2023 22/11/2023 Livros